Кратка история на мита (Запис номер 409660)
[ съкратено ]
| 000 -Лидер | |
|---|---|
| Контролно поле с фиксирана дължина | nam a22 a 4500 |
| 003 - Код на организацията, давaща контролен номер | |
| Контролно поле | BLK |
| 005 - Дата и час на последна редакция | |
| Контролно поле | 20210614090151.0 |
| 008 - Елементи от данни с фиксирана дължина | |
| fixed length control field | 180410b bul|||||r ||||||| ||bul|| |
| 010 ## - Наследен системен номер | |
| LC control number | KNG00161251000 |
| 020 ## - Международен стандартен номер на книга ISBN | |
| Международен стандартен номер на книга ISBN | 9789542834625 |
| 040 ## - Източник на каталожния запис | |
| Идентификатор на билиотеката - собственик на записа | BLK |
| 041 ## - Код за език | |
| Код за езика на текст/звукозапис или на отделно заглавие | Български |
| Код за езика КДБФ | Български |
| 080 ## - УДК | |
| Текстов определител УДК | Митологични сказания и сюжети |
| УДК код - определител по УДК | 398.22 |
| УДК - код + определител | 398.22 |
| 100 ## - Редна дума - Автор | |
| Автор | Армстронг, Карън |
| Авторска отговорност | първи автор |
| R(LIN) | 325751 |
| 139 ## - Редно поле | |
| Редна дума | Армстронг, Карън |
| Авторски знак | Арм - А 86 |
| 245 10 - Сведения за заглавието | |
| Заглавие | Кратка история на мита |
| Редно поле (дума) | Карън Армстронг; прев. от англ. Владимир Молев. |
| 257 ## - Страна на издаване | |
| Страна на създаване/издаване | България |
| 260 ## - Област на издателските данни | |
| Място на издаване, разпространение и проч. | София |
| Име на издателя, разпространителя и проч. | Сиела Норма |
| Година на издаване | 2021 |
| Печатница | София : Алианс Принт |
| 9 (RLIN) | 217021 |
| Издателство - префикс ISBN | 978-954-28- |
| 300 ## - Физическа характеристика | |
| Страници | 170 с. |
| Размери/Мащаб | 19 см |
| 380 ## - Жанр | |
| Жанр | Обществени науки |
| 500 ## - Общи забележки | |
| Забележка | Ориг. загл. A Short History of Myth / Karen Armstrong. |
| 650 #7 - Допълнително описание по предмет – тема | |
| 9 (RLIN) | 162438 |
| Основно описание – тема или топоним | Митология - теория |
| 653 #7 - Ключова дума – ненормативна | |
| Ключова дума | митология |
| 9 (RLIN) | 191146 |
| 700 1# - Други автори (авторска отговорност) | |
| Лично име | Молев, Владимир Георгиев |
| Автороска отговорност (Описва отношението между автора и произведението) | прев. от англ. |
| 9 (RLIN) | 98667 |
| 856 4# - Електронен адрес и достъп | |
| Електронен формат | pdf - файл |
| 856 4# - Електронен адрес и достъп | |
| Електронен формат | pdf - файл |
| 999 ## - СИСТЕМНИ КОНТРОЛНИ НОМЕРА | |
| Koha biblionumber | 409660 |
| Koha biblioitemnumber | 409660 |
| 942 ## - АРТИКУЛИ | |
| Вид на библиотечния материал | Книги |
| Скрит в OPAC | Не |
| Koha issues (borrowed), all copies | 5 |
| Периодичен библиозапис | Да |
| 944 ## - СЪЗДАВАНЕ И РЕДАКЦИЯ на ЗАПИСА | |
| Служител, извършил регистрацията/редакцията | ТД |
| Код за отписване | Код за изгубен артикул | Източник на класификационната схема | Код за повреда | Коз за рестрикции | Код за отдаване | Артикулен № | Име на библиотеката - собственик | Име на библиотеката, в която се намира в момента | Статус (Текущо местоположение) | Дата на вписване в системата | Местоположение - отдел | Цена в лева | Систематично азбучна сигнатура | Баркод | Цена в евро | Служебен тип на артикула |
|---|---|---|---|---|---|---|---|---|---|---|---|---|---|---|---|---|
| Не е изгубен | Universal Decimal Classification | Не е повреден | без рестрикции | заемане за дома | 824856 | Регионална библиотека "Любен Каравелов" Русе | Регионална библиотека "Любен Каравелов" Русе | Заемна - подръчен фонд | 2021-04-20 | Заемна - подръчен фонд | 11.18 | 398/А 76 К | 120000854113 | 5.72 | Книги | |
| Не е изгубен | Universal Decimal Classification | Не е повреден | без рестрикции | заемане за дома | 824857 | Регионална библиотека "Любен Каравелов" Русе | Регионална библиотека "Любен Каравелов" Русе | Заемна - подръчен фонд | 2021-04-20 | Заемна - подръчен фонд | 11.18 | 398/А 76 К | 120000854112 | 5.72 | Книги |